=LDR 00000nam 2200000 4500 =001 INLIS000000000006524 =005 20251110023719 =035 ##$$a 0010-1125000398 =007 ta =008 251110###########################0#eng## =082 ##$$a 304.609 =084 ##$$a 304.609 BAD w =100 #$$a Badan Koordinasi Keluarga Berencana Nasional =245 1#$$a Why Not Use Nigerias Agricultural Extension /$c Badan Koordinasi Keluarga Berencana Nasional =260 ##$:$b Badan Koordinasi Keluarga Berencana Nasional =300 ##$$a 3 Hal : $b Ilus ; $c 21 =650 #4$$a Keluarga Berencana =856 ##$$a Perpustakaan Kemendukbangga